000 00604nam a2200205Ii 4500
003 JO-AjNU
008 230605s9999||||xx |||||||||||||| ||und||
017 _a2013/10/3793
040 _aJO-AjNU
_bara
_erda
_cJO-AjNU
041 _aara
050 1 4 _aPJ7510 2013
100 3 _aالبكار، يوسف,
_eauthor
_945407
245 0 0 _aذاكرة إنسان
264 3 1 _aعمان: دار البيروني للنشر، 2014
300 _a96ص
336 _atext
_btxt
_2rdacontent
337 _aunmediated
_bn
_2rdamedia
338 _avolume
_bnc
_2rdacarrier
650 4 _aالأدب العربي
_945408
999 _aA19680
_c23248
_d23248